000 00820nam a2200193 i 4500
001 154434
003 ES-MaACL
005 20241016193649.0
008 961110m18451846sp |||| | spa d
040 _aCLM
_bspa
_cCCPB | SIC
100 1 _aGómez de la Serna, Pedro.
_957900
245 1 0 _aElementos del derecho civil y penal de España
_b: precedidos de una reseña historica de la legislación española /
_cpor Pedro Gomez de la Serna y Juan Manuel Montalban.
250 _a3ª ed.corr. y aum.
_bpor los autores.
260 _aMadrid :
_b[s.n.],
_c1845-1846 (
_fImprenta de Vicente de Lalama)
300 _a3 v. (VI, 405 ; 403, VI, XVI ; 307 p.) ;
_c19 cm.
700 1 _aMontalbán, Juan Manuel,
_d1806-1889
_982337
852 _aES-MaACL
_jD-2991
_z-- Enc. hol.
_z-- Enc. 3 t. en 1 v.
999 _c154434
_d154434